00269nam a22001097a 4500003000400000082001800004245002300022260007200045300001500117546001200132700001500144OSt aCRIDA/AR 2021 aAnnual report 2021 aTelanganabCentral Research Institute for Dryland Agriculturec2022 axii, 158p. aEnglish aSingh, V K